Essential pre-university physics (Record no. 329479)

000 -LEADER
fixed length control field 00352 a2200121 4500
001 - CONTROL NUMBER
control field 27367
003 - CONTROL NUMBER IDENTIFIER
control field NUST
005 - DATE AND TIME OF LATEST TRANSACTION
control field 20170509125010.0
008 - FIXED-LENGTH DATA ELEMENTS--GENERAL INFORMATION
fixed length control field 170509b xxu||||| |||| 00| 0 eng d
020 ## - INTERNATIONAL STANDARD BOOK NUMBER
International Standard Book Number 0719520749
040 ## - CATALOGING SOURCE
Transcribing agency 0
082 ## - DEWEY DECIMAL CLASSIFICATION NUMBER
Classification number 530 WHE
100 ## - MAIN ENTRY--PERSONAL NAME
Personal name Whelan, P M
9 (RLIN) 188
245 ## - TITLE STATEMENT
Title Essential pre-university physics
Statement of responsibility, etc. P M Whelan
260 ## - PUBLICATION, DISTRIBUTION, ETC.
Place of publication, distribution, etc. London
Name of publisher, distributor, etc. John Murray
Date of publication, distribution, etc. 1971
300 ## - PHYSICAL DESCRIPTION
Extent 430p.
500 ## - GENERAL NOTE
General note H.B
942 ## - ADDED ENTRY ELEMENTS (KOHA)
Institution code [OBSOLETE] NUST-CAE
Koha item type Book
-- Book
Source of classification or shelving scheme
Call number prefix 530 WHE
Holdings
Withdrawn status Lost status Source of classification or shelving scheme Damaged status Not for loan Collection code Permanent Location Current Location Shelving location Date acquired Total Checkouts Full call number Barcode Date last seen Price effective from Koha item type
            Institute of Environmental Science and Engineering (IESE) Institute of Environmental Science and Engineering (IESE) General Stacks 05/09/2017   530 WHE IESE-553 05/09/2017 05/09/2017  
© 2023 Central Library, National University of Sciences and Technology. All Rights Reserved.